| 000 | 00686nam a22002417a 4500 | ||
|---|---|---|---|
| 003 | SISC | ||
| 005 | 20160309084217.0 | ||
| 008 | 130830t xxu||||| |||| 00| 0 eng d | ||
| 020 | _a1859581900 | ||
| 020 | _a978185981902 | ||
| 050 |
_aPN 683 _b.L911 1998 |
||
| 082 |
_aHS 398.20491 _bL94 1998 |
||
| 100 |
_aLover, Samuel _915908 |
||
| 245 |
_aMyths & legends of Ireland / _cSamuel Lover & Thomas Croker. |
||
| 260 |
_aU.K : _bSenate, _cc1998. |
||
| 300 |
_a436 p. ; _c22 cm. |
||
| 650 |
_aMythology, Celtic _xIreland _915909 |
||
| 650 |
_aLegends _xIreland _915910 |
||
| 650 |
_aTales _xIreland _915911 |
||
| 700 |
_aCroker, Thomas _915912 |
||
| 942 |
_2lcc _cBK |
||
| 999 |
_c10069 _d10069 |
||